| 000 | 00615nam a22001817a 4500 | ||
|---|---|---|---|
| 003 | CEME | ||
| 005 | 20210628203556.0 | ||
| 008 | 210317b xxu||||| |||| 00| 0 eng d | ||
| 020 | _a0-7106-0981-7 | ||
| 040 | _c. | ||
| 082 | _a355-MVL JAN'F | ||
| 100 |
_aGander, Terry J , Foss, Christopher F _966344 |
||
| 245 | _aJanes military vehicles and logistics , 1992-93 1995-96 | ||
| 250 | _a10TH | ||
| 260 |
_aLONDON _bBUTLER _c1992 |
||
| 650 |
_aARMOURED ENGINEERS VEHICLES RECOVERY VEHICLES AND EQUIPMENT BRIDGING SYSTEM MINE WARFARE EQUIPMENT TRANSPORT EQUIPMENT MISCELLANEOUS EQUIPMENT _966345 |
||
| 942 |
_cBK _2ddc |
||
| 999 |
_c574324 _d574324 |
||